PRESOS POLITICOS DESAPARECIDOS EN CHILE

保存先:
書誌詳細
フォーマット: 図書
主題:
タグ: タグ追加
タグなし, このレコードへの初めてのタグを付けませんか!

MARC

LEADER 00000nam^a2200000^a^4500
001 000224160
005 20250521000000.0
009 20260310104041.103
035 |a 042863 
037 |a Acervo Xavier Clavigero 
082 |a 365. 450983  |b PRE 
245 1 0 |a PRESOS POLITICOS DESAPARECIDOS EN CHILE 
264 |a MEXICO :  |b CASA DE CHILE,  |c 1977 
300 |a 305p. 
336 |a texto  |b txt  |2 rdacontenido 
337 |a sin mediación  |b n  |2 rdamedio 
338 |a volumen  |b nc  |2 rdasoporte 
649 |a XX 
650 |a PRISIONEROS POLITICOS -  |x CHILE 
650 |a PRISIONEROS MILITARES 
910 |a Fondo General 
920 |a Impresos - Libros 
930 |a Colección General 
905 |a 101 
901 |a 042863  |b IT1  |c ACC  |i 042863  |u 20250521 
902 |a https://opac.biblio.iteso.mx/vufind/Record/000224160